00726nam a22002417a 450000500170000001000110001702000100002803500110003803700160004904000120006508200130007710000280009024500500011826000500016827000190021830000280023765000260026565000240029170000100031594200220032599900190034795201180036620170124110121.0 a229498 c00.00 a229498 bCen Lib/Ret aDPLbEN a971bEXT aExternal Affairs930549 aCanada from sea to sea /cby External Affairs aOttawabDepartment of External Affairs c1963 aCanadabOttawa a140p. :c19cm(Hb)bill. aTravelzCanada930550 aCivilization915651 930461 2ddccENh971mEXT c130994d130994 00104070aLbLd2015-07-11eCen Lib/Retg0.00l0o971 EXTp229498r2015-07-11 00:00:00t1v0.00w2015-07-11yEN